Online katalóg knižníc regiónu Turca

Vražda v kostole. Naposledy mala oblečené (Record no. 20716)

MARC details
000 -LEADER
fixed length control field 02012cam a2200505 a 4500
001 - CONTROL NUMBER
control field 20716
003 - CONTROL NUMBER IDENTIFIER
control field VRT
005 - DATE AND TIME OF LATEST TRANSACTION
control field 20260130140605.0
008 - FIXED-LENGTH DATA ELEMENTS--GENERAL INFORMATION
fixed length control field 240226s1986 xo a gr 010 f slo
015 ## - NATIONAL BIBLIOGRAPHY NUMBER
National bibliography number SNBA1986
020 ## - INTERNATIONAL STANDARD BOOK NUMBER
Qualifying information (viazané)
035 ## - SYSTEM CONTROL NUMBER
System control number SNK000026644
039 #9 - LEVEL OF BIBLIOGRAPHIC CONTROL AND CODING DETAIL [OBSOLETE]
Level of rules in bibliographic description 202402261547
Level of effort used to assign nonsubject heading access points VLOAD
Level of effort used to assign subject headings 202208041230
Level of effort used to assign classification msnk160
Level of effort used to assign subject headings 202208041220
Level of effort used to assign classification msnk160
Level of effort used to assign subject headings 202208041219
Level of effort used to assign classification msnk160
040 ## - CATALOGING SOURCE
Original cataloging agency SNK
Language of cataloging slo
Transcribing agency SNK
Description conventions AACR2
041 1# - LANGUAGE CODE
Language code of text/sound track or separate title slo
Language code of original eng
044 ## - COUNTRY OF PUBLISHING/PRODUCING ENTITY CODE
MARC country code xo
ISO country code SK
072 #7 - SUBJECT CATEGORY CODE
Subject category code 821.111-3
Subject category code subdivision Anglická próza, anglicky písaná
Source konspekt
080 ## - UNIVERSAL DECIMAL CLASSIFICATION NUMBER
Universal Decimal Classification number 821.111-31
Edition identifier 2011
080 ## - UNIVERSAL DECIMAL CLASSIFICATION NUMBER
Universal Decimal Classification number (0:82-312.4)
Edition identifier 2011
100 1# - MAIN ENTRY--PERSONAL NAME
Personal name Dexter, Colin,
Dates associated with a name 1930-2017
Relationship aut
245 10 - TITLE STATEMENT
Title Vražda v kostole. Naposledy mala oblečené
Statement of responsibility, etc. Colin Dexter ; [z anglických originálov Service of all the dead, Last seen wearing ... preložila Katarína Karovičová ; väzba a ilustrácie Svetozár Mydlo]
250 ## - EDITION STATEMENT
Edition statement 1. vyd.
260 ## - PUBLICATION, DISTRIBUTION, ETC.
Place of publication, distribution, etc. Bratislava
Name of publisher, distributor, etc. Slovenský spisovateľ
Date of publication, distribution, etc. 1986
300 ## - PHYSICAL DESCRIPTION
Extent 421 strán, [1] nečíslovaná strana obrazovej prílohy
Other physical details ilustrácie
Dimensions 21 cm
366 ## - TRADE AVAILABILITY INFORMATION
Note 80000 kusov
490 1# - SERIES STATEMENT
Series statement Zelená knižnica
500 ## - GENERAL NOTE
General note Rozložený ilustrovaný titulný list. Poznámky pod čiarou
500 ## - GENERAL NOTE
General note Obsahuje 2 romány
655 #7 - INDEX TERM--GENRE/FORM
Genre/form data or focus term anglické romány
Source of term SNKPH
655 #7 - INDEX TERM--GENRE/FORM
Genre/form data or focus term detektívne romány
Source of term SNKPH
700 1# - ADDED ENTRY--PERSONAL NAME
Personal name Karovičová, Katarína,
Dates associated with a name 1951-
Relationship trl
700 12 - ADDED ENTRY--PERSONAL NAME
Personal name Dexter, Colin,
Dates associated with a name 1930-2017
Title of a work Service of all the dead
Language of a work Slovensky
700 12 - ADDED ENTRY--PERSONAL NAME
Personal name Dexter, Colin,
Dates associated with a name 1930-2017
Title of a work Last seen wearing
Language of a work Slovensky
700 1# - ADDED ENTRY--PERSONAL NAME
Personal name Mydlo, Svetozár,
Dates associated with a name 1948-2014
Relationship bdd
-- ill
740 02 - ADDED ENTRY--UNCONTROLLED RELATED/ANALYTICAL TITLE
Uncontrolled related/analytical title Naposledy mala oblečené
830 #0 - SERIES ADDED ENTRY--UNIFORM TITLE
Uniform title Zelená knižnica
910 ## - USER-OPTION DATA (OCLC)
User-option data snk
942 ## - ADDED ENTRY ELEMENTS (KOHA)
Source of classification or shelving scheme Dewey Decimal Classification
Koha item type Krásna literatúra pre dospelých
Suppress in OPAC No
949 ## - LOCAL PROCESSING INFORMATION (OCLC)
6 270001000163502
a svkbbA 52513
b svkbbm 481193
p 481.193
949 ## - LOCAL PROCESSING INFORMATION (OCLC)
6 273K0072355
a svkpoA 137329
b svkpo329362
949 ## - LOCAL PROCESSING INFORMATION (OCLC)
6 17A0919107
a snkSC 67767
b snkKSP 216/87
s 6100:20220919
949 ## - LOCAL PROCESSING INFORMATION (OCLC)
6 17A0195462
a snkSC 67767 D1
949 ## - LOCAL PROCESSING INFORMATION (OCLC)
6 4710700466
a strmkB
b strmk2008/466
949 ## - LOCAL PROCESSING INFORMATION (OCLC)
6 3869A09591
a bpksh820-31
b bpksh42724
Holdings
Stav vyradenia Strata Poškodenie Spôsob nadobudnutia Domovská knižnica Aktuálna knižnica Dátum nadobudnutia Total checkouts Čiarový kód exemplára Date last seen Typ exemplára
      Dar Obecná knižnica Horná Štubňa Obecná knižnica Horná Štubňa 30.01.2026   4736200856 30.01.2026 Krásna literatúra pre dospelých
Projekt je podporený Slovenskou asociáciou knižníc
Prevádzkuje Turčianska knižnica Martin 2026